000 00989nam a22003018i 4500
001 020574822
003 EG-ScBUE
005 20260216102807.0
008 220426s2022 azu f 000 0 eng d
020 _a9781612681139
040 _aStDuBDS
_beng
_erda
_cStDuBDS
_dEG-ScBUE
082 0 4 _a332.024
_222
_bKIY
100 1 _aKiyosaki, Robert T.,
_d1947-
_eauthor.
245 1 0 _aRich dad poor dad :
_bwhat the rich teach their kids about money that the poor and middle class do not! /
_cRobert T. Kiyosaki.
250 _aTwenty-fifth anniversary edition.
264 1 _aScottsdale :
_bPlata Publishing,
_c2022.
300 _ax, 348 pages ;
_c20 cm
336 _atext
_2rdacontent
_btxt
337 _aunmediated
_2rdamedia
_bn
338 _avolume
_2rdacarrier
_bnc
650 7 _aFinance, Personal.
_2BUEsh
650 7 _aInvestments.
_2BUEsh
650 7 _aRich people.
_2BUEsh
653 _cFebruary2026
_bBUSECO
655 _vReading book
942 _2ddc
_cBB
999 _c31137
_d31108